[Event "BL 9394 Erfurt-München 36"]
[Site "?"]
[Date "1994.??.??"]
[Round "?.3"]
[White "Hodgson, JM."]
[Black "Maiwald, JU."]
[Result "1-0"]
[WhiteElo "2570"]
[BlackElo "2490"]
[PlyCount "95"]
[EventDate "1994.??.??"]

1. c4 g6 2. Nc3 Bg7 3. g3 d6 4. Bg2 Nc6 5. Rb1 e5 6. b4 a6 7. a4 a5 8. b5 Nce7
9. Nf3 Nf6 10. O-O O-O 11. c5 Bf5 12. cxd6 cxd6 13. d3 Rc8 14. Bb2 Qd7 15. Re1
Rfe8 16. Qd2 Bg4 17. Rbc1 b6 18. e4 Bxf3 19. Bxf3 Qh3 20. Qg5 h6 21. Qe3 Nd7
22. Bg2 Qh5 23. h4 g5 24. Bf3 g4 25. Bd1 Nc5 26. f3 gxf3 27. Bxf3 Qg6 28. Kh2
f5 29. Qe2 Nb3 30. Bh5 Nxc1 31. Rxc1 Qe6 32. Bxe8 Rxe8 33. Rf1 Rc8 34. Qg2 Kh8
35. Rf3 fxe4 36. dxe4 Rc4 37. Qf2 Qg4 38. Qe2 Kh7 39. Qxc4 Qxf3 40. Qe2 Qf7 41.
Bc1 Qb3 42. Qd3 Kh8 43. Be3 d5 44. exd5 e4 45. Qxe4 Qxc3 46. d6 Ng8 47. d7 Qc7
48. Qc6 1-0

[Event "BL 9394 Erfurt-München 36"]
[Site "?"]
[Date "1994.??.??"]
[Round "?.4"]
[White "Jasnikowski, Z."]
[Black "Ruf, M."]
[Result "1-0"]
[WhiteElo "2475"]
[BlackElo "2395"]
[PlyCount "59"]
[EventDate "1994.??.??"]

1. d4 Nf6 2. c4 e6 3. Nf3 Bb4+ 4. Bd2 Qe7 5. Nc3 O-O 6. Qc2 Nc6 7. a3 Bxc3 8.
Bxc3 d5 9. e3 a5 10. Bd3 Bd7 11. O-O Rfd8 12. Ne5 Be8 13. cxd5 exd5 14. f3 h6
15. Rae1 Rd6 16. Nxc6 Rxc6 17. e4 Rb6 18. e5 Nd7 19. f4 c5 20. f5 Rc6 21. f6
gxf6 22. exf6 Qf8 23. dxc5 Qxc5+ 24. Qf2 Qxf2+ 25. Rxf2 Nc5 26. Rf3 Bd7 27.
Rg3+ Kh8 28. Re5 Bg4 29. Rxg4 Nxd3 30. Rh5 1-0

[Event "BL 9394 Erfurt-München 36"]
[Site "?"]
[Date "1994.??.??"]
[Round "?.5"]
[White "Klundt, K."]
[Black "Mueller, Mat"]
[Result "1/2-1/2"]
[WhiteElo "2380"]
[BlackElo "2350"]
[PlyCount "77"]
[EventDate "1994.??.??"]

1. e4 c5 2. Nf3 e6 3. d4 cxd4 4. Nxd4 Nf6 5. Nc3 d6 6. f4 Nc6 7. Be2 Be7 8. Be3
O-O 9. O-O a6 10. Qe1 Qc7 11. Qg3 Nxd4 12. Bxd4 b5 13. a3 Bb7 14. Rae1 Bc6 15.
Bd3 e5 16. fxe5 Nh5 17. Qh3 dxe5 18. Qxh5 exd4 19. Ne2 g6 20. Qh6 Qe5 21. Qf4
Bd6 22. Qh6 Be7 23. Qf4 Bd6 24. Qh6 Rae8 25. Nf4 Qg7 26. Qh3 Re5 27. Re2 Rfe8
28. Rfe1 Rg5 29. Qh4 Bxf4 30. Qxf4 Qe5 31. Rf1 Qxf4 32. Rxf4 Rge5 33. Ref2 Bxe4
34. Bxe4 Rxe4 35. Rxf7 Re1+ 36. Rf1 Rxf1+ 37. Rxf1 Re2 38. Rf2 Re1+ 39. Rf1
1/2-1/2

[Event "BL 9394 Erfurt-München 36"]
[Site "?"]
[Date "1994.??.??"]
[Round "?.6"]
[White "Troyke, C."]
[Black "Reich, T."]
[Result "0-1"]
[WhiteElo "2375"]
[BlackElo "2385"]
[PlyCount "86"]
[EventDate "1994.??.??"]

1. g3 Nf6 2. Bg2 g6 3. d4 Bg7 4. e4 d6 5. Ne2 O-O 6. O-O e5 7. c4 Bg4 8. f3 Bd7
9. d5 c6 10. Be3 cxd5 11. cxd5 a5 12. Nbc3 a4 13. b4 b5 14. Qd3 Na6 15. a3 Qb8
16. Rfc1 h5 17. Nd1 Nh7 18. Ra2 f5 19. Nf2 Qe8 20. f4 Kh8 21. exf5 gxf5 22.
fxe5 dxe5 23. Qd2 Qg6 24. Nd3 h4 25. Rac2 f4 26. Nexf4 exf4 27. Nxf4 Rxf4 28.
Bxf4 Rg8 29. Rc6 Bxc6 30. dxc6 Nf6 31. c7 Nxc7 32. Bxc7 hxg3 33. hxg3 Ng4 34.
Bf4 Qb6+ 35. Rc5 Rd8 36. Bd5 Bf8 37. Qd4+ Qf6 38. Qxf6+ Nxf6 39. Be5 Bxc5+ 40.
bxc5 Rxd5 41. Bxf6+ Kg8 42. Be7 Kf7 43. Bd6 Rxd6 0-1

[Event "BL 9394 Erfurt-München 36"]
[Site "?"]
[Date "1994.??.??"]
[Round "?.7"]
[White "Geisler, F."]
[Black "Brueggemann, Joa"]
[Result "1-0"]
[WhiteElo "2265"]
[BlackElo "2340"]
[PlyCount "77"]
[EventDate "1994.??.??"]

1. e4 c5 2. Nf3 e6 3. d4 cxd4 4. Nxd4 a6 5. Nc3 Qc7 6. Be2 Nf6 7. O-O d6 8. f4
Be7 9. a4 O-O 10. Kh1 Nc6 11. Be3 Re8 12. Bf3 Bd7 13. Nb3 b6 14. g4 Bc8 15. g5
Nd7 16. Bg2 Bb7 17. Rf3 Nb4 18. Rh3 g6 19. Qd2 Rac8 20. Qf2 Qd8 21. Rf1 Rf8 22.
Rh6 f6 23. Bh3 fxg5 24. Bxe6+ Kg7 25. Rh3 Ne5 26. Bxb6 Qe8 27. Bd4 Rxf4 28. Rf3
Rxf3 29. Qxf3 Nxc2 30. Qf7+ Kh6 31. Bxe5 dxe5 32. Bxc8 Qxc8 33. Qxe7 Qc4 34.
Qf8+ Kh5 35. Qf3+ g4 36. Nd2 Qb4 37. Qg3 Qc5 38. h3 Ne3 39. hxg4+ 1-0

[Event "BL 9394 Erfurt-München 36"]
[Site "?"]
[Date "1994.??.??"]
[Round "?.8"]
[White "Voekler, B."]
[Black "Sandor, C."]
[Result "1/2-1/2"]
[WhiteElo "2350"]
[BlackElo "2340"]
[PlyCount "26"]
[EventDate "1994.??.??"]

1. e4 c5 2. Nf3 g6 3. d4 cxd4 4. Nxd4 Nc6 5. Be3 Nf6 6. Nc3 Bg7 7. f3 O-O 8. g4
Qb6 9. Ncb5 a6 10. Nf5 Qa5+ 11. Bd2 Qb6 12. Be3 Qa5+ 13. Bd2 Qb6 1/2-1/2

[Event "BL 9394 Dresden-Bayern"]
[Site "?"]
[Date "1994.??.??"]
[Round "?.1"]
[White "Huebner, R."]
[Black "Bologan, V."]
[Result "1/2-1/2"]
[WhiteElo "2610"]
[BlackElo "2585"]
[PlyCount "46"]
[EventDate "1994.??.??"]

1. d4 Nf6 2. c4 g6 3. g3 Bg7 4. Bg2 O-O 5. Nf3 d6 6. O-O Nc6 7. Nc3 a6 8. h3
Bd7 9. Be3 Rb8 10. Rc1 b5 11. c5 b4 12. Nb1 e6 13. Bg5 h6 14. Bxf6 Qxf6 15.
cxd6 cxd6 16. e3 Rfc8 17. Nbd2 Qe7 18. Nc4 d5 19. Ncd2 Na5 20. Rxc8+ Rxc8 21.
Qb1 Nc4 22. Rc1 e5 23. Nb3 e4 1/2-1/2

[Event "BL 9394 Dresden-Bayern"]
[Site "?"]
[Date "1994.??.??"]
[Round "?.2"]
[White "Uhlmann, W."]
[Black "Ribli, Z."]
[Result "1/2-1/2"]
[WhiteElo "2475"]
[BlackElo "2600"]
[PlyCount "30"]
[EventDate "1994.??.??"]

1. c4 Nf6 2. Nc3 e6 3. Nf3 d5 4. e3 c5 5. d4 Nc6 6. a3 a6 7. dxc5 Bxc5 8. b4
Bd6 9. Bb2 O-O 10. cxd5 exd5 11. Be2 Bg4 12. O-O Rc8 13. Nd4 Bxe2 14. Ncxe2 Re8
15. Nf3 Ne4 1/2-1/2

[Event "BL 9394 Dresden-Bayern"]
[Site "?"]
[Date "1994.??.??"]
[Round "?.3"]
[White "Hjartarson, J."]
[Black "Lanka, Z."]
[Result "1-0"]
[WhiteElo "2595"]
[BlackElo "2535"]
[PlyCount "101"]
[EventDate "1994.??.??"]

1. e4 c5 2. Nf3 Nc6 3. d4 cxd4 4. Nxd4 Nf6 5. Nc3 d6 6. Bg5 e6 7. Qd2 a6 8.
O-O-O h6 9. Be3 Qc7 10. f4 Bd7 11. Bd3 b5 12. Kb1 Na5 13. Rhf1 Nc4 14. Bxc4
Qxc4 15. Qd3 Qxd3 16. cxd3 b4 17. Nce2 g6 18. Rc1 Bg7 19. Rc7 O-O 20. Bd2 e5
21. Nc6 Bg4 22. Ng3 exf4 23. Bxf4 Ne8 24. Rb7 a5 25. Be3 Be6 26. Ne2 Nf6 27.
Bd4 Bg4 28. Nf4 Nh5 29. Ne7+ Kh7 30. Bxg7 Nxg7 31. h3 g5 32. hxg4 gxf4 33. Rxf4
Ne6 34. Rf3 Ra6 35. Nd5 Kg7 36. Ne3 Kg6 37. Nf5 Kg5 38. Rb5 Nc7 39. Rb7 Ne6 40.
Rd7 Nf4 41. Nxd6 Kxg4 42. Nxf7 Re6 43. Nd6 Ng6 44. Nf5 Kg5 45. Rd5 Re5 46. Rg3+
Kf4 47. Rf3+ Kg5 48. Rd6 Ne7 49. Nd4 Re8 50. Rg3+ Kh4 51. Rg7 1-0

[Event "BL 9394 Dresden-Bayern"]
[Site "?"]
[Date "1994.??.??"]
[Round "?.4"]
[White "Borriss, M."]
[Black "Kindermann, S."]
[Result "1/2-1/2"]
[WhiteElo "2375"]
[BlackElo "2535"]
[PlyCount "51"]
[EventDate "1994.??.??"]

1. e4 e6 2. d4 d5 3. Nc3 Bb4 4. e5 Ne7 5. a3 Bxc3+ 6. bxc3 c5 7. Nf3 b6 8. Bb5+
Bd7 9. Bd3 h6 10. a4 Qc7 11. a5 Bc6 12. O-O Nd7 13. axb6 axb6 14. Rxa8+ Bxa8
15. Nh4 g5 16. Nf3 c4 17. Be2 Ng6 18. Ne1 f5 19. exf6 O-O 20. Bg4 Nxf6 21.
Bxe6+ Kg7 22. g3 Ne4 23. f4 Rf6 24. f5 Nf8 25. Qg4 Qe7 26. Nf3 1/2-1/2

[Event "BL 9394 Dresden-Bayern"]
[Site "?"]
[Date "1994.??.??"]
[Round "?.5"]
[White "Schlosser, P."]
[Black "Goldberg, A."]
[Result "1-0"]
[WhiteElo "2540"]
[BlackElo "2405"]
[PlyCount "43"]
[EventDate "1994.??.??"]

1. Nf3 Nf6 2. c4 e6 3. g3 b6 4. Bg2 Bb7 5. d4 Be7 6. Nc3 O-O 7. O-O Na6 8. Bf4
Ne4 9. Nxe4 Bxe4 10. Qd2 Qc8 11. Rfd1 Qb7 12. d5 Bf6 13. Ne5 Bxg2 14. Nxd7 Bh3
15. Nxf6+ gxf6 16. Bh6 exd5 17. Bxf8 Rxf8 18. Qh6 Be6 19. cxd5 Bxd5 20. Rd4 Be6
21. Rad1 Qc6 22. Rd8 1-0

[Event "BL 9394 Dresden-Bayern"]
[Site "?"]
[Date "1994.??.??"]
[Round "?.6"]
[White "Heinatz, T."]
[Black "Boensch, U."]
[Result "0-1"]
[WhiteElo "2355"]
[BlackElo "2535"]
[PlyCount "56"]
[EventDate "1994.??.??"]

1. e4 c5 2. Nf3 e6 3. d4 cxd4 4. Nxd4 a6 5. Nc3 d6 6. Bc4 b5 7. Bb3 Bb7 8. Qe2
Nd7 9. h4 Nc5 10. Bg5 Be7 11. Bxe7 Nxe7 12. f3 b4 13. Nd1 Qb6 14. Qd2 d5 15. e5
O-O 16. h5 f6 17. exf6 Rxf6 18. Nf2 e5 19. Ne2 a5 20. Ng4 Re6 21. Ne3 Rd8 22.
Rh4 Qc7 23. O-O-O Rd7 24. Kb1 a4 25. Qxb4 axb3 26. cxb3 Ba6 27. Nc1 d4 28. Nc4
Nd5 0-1

[Event "BL 9394 Dresden-Bayern"]
[Site "?"]
[Date "1994.??.??"]
[Round "?.7"]
[White "Gabriel, C."]
[Black "Andresen, S."]
[Result "1-0"]
[WhiteElo "2530"]
[BlackElo "2370"]
[PlyCount "61"]
[EventDate "1994.??.??"]

1. Nf3 Nf6 2. c4 b6 3. g3 Bb7 4. Bg2 e6 5. Nc3 Be7 6. d4 Ne4 7. Bd2 f5 8. d5
Bf6 9. Qc2 Na6 10. Rd1 O-O 11. O-O Qe7 12. Ne1 Nxc3 13. Bxc3 exd5 14. cxd5 c6
15. Bxf6 Rxf6 16. Nd3 Re8 17. Rfe1 Qf7 18. e4 fxe4 19. Rxe4 cxd5 20. Rxe8+ Qxe8
21. Nf4 Nc5 22. Nxd5 Re6 23. Qc3 Ne4 24. Qc4 Nd6 25. Qc1 Re5 26. h3 Ne4 27. Qc4
Qe6 28. Ne3 d5 29. Qc7 Qf7 30. Qxe5 Qxf2+ 31. Kh2 1-0

[Event "BL 9394 Dresden-Bayern"]
[Site "?"]
[Date "1994.??.??"]
[Round "?.8"]
[White "Meyer, P."]
[Black "Bischoff, K."]
[Result "0-1"]
[WhiteElo "2345"]
[BlackElo "2500"]
[PlyCount "88"]
[EventDate "1994.??.??"]

1. Nf3 Nf6 2. c4 c5 3. Nc3 e6 4. g3 b6 5. Bg2 Bb7 6. O-O Be7 7. d4 cxd4 8. Qxd4
d6 9. b3 O-O 10. Ng5 Bxg2 11. Kxg2 Qc7 12. Bb2 Nbd7 13. Nge4 Rfd8 14. Rac1 a6
15. Rfd1 Qb7 16. Kg1 Ne8 17. Ba3 Nf8 18. Qe3 Rac8 19. Ng5 Rd7 20. Qf4 Bd8 21.
h4 h6 22. Nf3 Be7 23. e4 Nf6 24. Qe3 Ng6 25. Qe2 Bf8 26. Nd4 Rdc7 27. Bb2 Be7
28. h5 Ne5 29. f4 Ned7 30. Re1 b5 31. cxb5 Qa7 32. b6 Qxb6 33. Na4 Qb7 34. Rxc7
Rxc7 35. Kh2 Qc8 36. Rd1 Bf8 37. Ba3 Nxe4 38. Qxe4 d5 39. Qe3 Bxa3 40. Re1 Nf6
41. Qf3 Rc1 42. Re2 Bc5 43. Nc2 Ne4 44. Qd3 Bf2 0-1

[Event "BL 9394 München 36-Dresden"]
[Site "?"]
[Date "1994.??.??"]
[Round "?.2"]
[White "Stohl, I."]
[Black "Uhlmann, W."]
[Result "1/2-1/2"]
[WhiteElo "2560"]
[BlackElo "2475"]
[PlyCount "115"]
[EventDate "1994.??.??"]

1. c4 Nf6 2. Nc3 g6 3. Nf3 Bg7 4. d4 O-O 5. g3 c6 6. Bg2 d5 7. cxd5 cxd5 8. Ne5
Nc6 9. O-O Nxe5 10. dxe5 Ng4 11. Nxd5 Nxe5 12. Bg5 Nc6 13. Qa4 h6 14. Be3 Bd7
15. Rad1 e6 16. Nc3 Qc8 17. Qb3 b6 18. Ne4 Qc7 19. Bxh6 Nd4 20. Qc3 Nf5 21. Qd2
Nxh6 22. Qxd7 Rac8 23. b3 a5 24. Qb5 Rfd8 25. e3 Nf5 26. Bf3 Nd6 27. Nxd6 Rxd6
28. Rxd6 Qxd6 29. Rd1 Qc5 30. Qe2 Qc2 31. Rd8+ Bf8 32. Rxc8 Qxc8 33. h4 Qc3 34.
h5 gxh5 35. Bxh5 Bc5 36. Qf3 Qg7 37. Qf4 Qf8 38. Qg5+ Qg7 39. Qf4 Qf8 40. Kg2
Qg7 41. Be2 Qg6 42. e4 Kg7 43. e5 Qh6 44. Qg4+ Qg6 45. Qh4 Qf5 46. f4 Qe4+ 47.
Bf3 Qc2+ 48. Kh3 Qf5+ 49. Bg4 Qh7 50. Bh5 Qf5+ 51. Qg4+ Qxg4+ 52. Kxg4 Bf2 53.
Kf3 Be1 54. g4 Bc3 55. Ke4 Kf8 56. f5 exf5+ 57. gxf5 f6 58. exf6 1/2-1/2

[Event "BL 9394 München 36-Dresden"]
[Site "?"]
[Date "1994.??.??"]
[Round "?.3"]
[White "Lanka, Z."]
[Black "Hodgson, JM."]
[Result "1/2-1/2"]
[WhiteElo "2535"]
[BlackElo "2570"]
[PlyCount "60"]
[EventDate "1994.??.??"]

1. e4 g6 2. d4 Bg7 3. Nc3 c6 4. f4 d5 5. e5 Nh6 6. Nf3 f6 7. Be3 Bg4 8. h3 Bxf3
9. Qxf3 fxe5 10. fxe5 Nf5 11. g4 Nxe3 12. Qxe3 e6 13. h4 c5 14. Nb5 O-O 15. c3
Nc6 16. O-O-O a6 17. Nd6 cxd4 18. cxd4 Qb6 19. h5 Nxe5 20. hxg6 hxg6 21. Kb1
Rf3 22. Qd2 Qxd6 23. dxe5 Qxe5 24. Re1 Qf6 25. Bg2 Rf2 26. Re2 Rf8 27. Rhe1 Qd4
28. Qc2 Qb6 29. a3 Rxe2 30. Rxe2 Qg1+ 1/2-1/2

[Event "BL 9394 München 36-Dresden"]
[Site "?"]
[Date "1994.??.??"]
[Round "?.4"]
[White "Ruf, M."]
[Black "Borriss, M."]
[Result "1/2-1/2"]
[WhiteElo "2395"]
[BlackElo "2375"]
[PlyCount "35"]
[EventDate "1994.??.??"]

1. d4 Nf6 2. Nf3 g6 3. c3 Bg7 4. Bg5 O-O 5. Nbd2 d5 6. e3 Nbd7 7. Be2 Re8 8. b4
e5 9. Nb3 h6 10. Bxf6 Qxf6 11. Rc1 e4 12. Nfd2 Qe7 13. a3 b6 14. c4 c5 15. dxc5
bxc5 16. cxd5 cxb4 17. axb4 Nb6 18. Nc5 1/2-1/2

[Event "BL 9394 München 36-Dresden"]
[Site "?"]
[Date "1994.??.??"]
[Round "?.5"]
[White "Goldberg, A."]
[Black "Klundt, K."]
[Result "1/2-1/2"]
[WhiteElo "2405"]
[BlackElo "2380"]
[PlyCount "98"]
[EventDate "1994.??.??"]

1. e4 c5 2. Nf3 Nc6 3. d4 cxd4 4. Nxd4 Nf6 5. Nc3 e6 6. Ndb5 d6 7. Bf4 e5 8.
Bg5 a6 9. Na3 b5 10. Nd5 Be7 11. Bxf6 Bxf6 12. c3 O-O 13. Nc2 Rb8 14. a3 Bg5
15. h4 Bh6 16. Ncb4 Bb7 17. Nxc6 Bxc6 18. g3 Qd7 19. Qb3 a5 20. Bh3 Qb7 21. Rd1
b4 22. cxb4 axb4 23. axb4 Bxd5 24. Rxd5 Qxb4+ 25. Qxb4 Rxb4 26. O-O Rxe4 27.
Rxd6 Rb4 28. Rb1 g6 29. Bg2 e4 30. b3 Re8 31. Rd7 Bg7 32. Bf1 Reb8 33. Re1 Rxb3
34. Bc4 Rf3 35. Rxe4 h5 36. Kg2 Rf5 37. Ree7 Rf8 38. f3 Bc3 39. Rb7 Rf6 40.
Red7 Ba5 41. Bd5 Kg7 42. Kh3 Bb6 43. Kg2 Bc5 44. Bb3 Bd6 45. Rb6 Rb8 46. Rxb8
Bxb8 47. Bd5 Be5 48. f4 Bc3 49. Kf3 Bb4 1/2-1/2

[Event "BL 9394 München 36-Dresden"]
[Site "?"]
[Date "1994.??.??"]
[Round "?.6"]
[White "Reich, T."]
[Black "Heinatz, T."]
[Result "1-0"]
[WhiteElo "2385"]
[BlackElo "2355"]
[PlyCount "43"]
[EventDate "1994.??.??"]

1. e4 d6 2. d4 Nf6 3. Nc3 g6 4. Bc4 Bg7 5. Qe2 Nc6 6. Nf3 O-O 7. h3 e5 8. dxe5
dxe5 9. Be3 Nh5 10. Rd1 Nd4 11. Nxd4 exd4 12. g4 c5 13. gxh5 Qh4 14. hxg6 hxg6
15. Rg1 dxe3 16. Rxg6 exf2+ 17. Qxf2 Qxf2+ 18. Kxf2 Kh7 19. Rg5 f5 20. e5 Bxe5
21. Ne2 Bf6 22. Rh5+ 1-0

[Event "BL 9394 München 36-Dresden"]
[Site "?"]
[Date "1994.??.??"]
[Round "?.7"]
[White "Andresen, S."]
[Black "Geisler, F."]
[Result "1-0"]
[WhiteElo "2370"]
[BlackElo "2265"]
[PlyCount "115"]
[EventDate "1994.??.??"]

1. c4 f5 2. d4 Nf6 3. g3 g6 4. Bg2 Bg7 5. Nf3 O-O 6. O-O d6 7. b3 Qe8 8. Bb2
Na6 9. Nbd2 e5 10. dxe5 Ng4 11. Ba3 Nxe5 12. Nxe5 Bxe5 13. Nf3 Bxa1 14. Qxa1
Qe7 15. Qc3 h6 16. Bc1 Kh7 17. Qd2 Qg7 18. b4 Be6 19. Nd4 Bxc4 20. Bxb7 Rae8
21. Bb2 Qf7 22. Bc6 Re7 23. Bf3 Nb8 24. Rc1 Bxa2 25. Nb5 Bc4 26. Nc3 Rfe8 27.
Nd5 Bxd5 28. Bxd5 Qf8 29. Bf3 Nd7 30. Rxc7 Ne5 31. Qxd6 Nxf3+ 32. exf3 Rxc7 33.
Qxc7+ Qe7 34. Qc4 Qb7 35. h4 g5 36. h5 Rf8 37. Qd3 Qf7 38. g4 Kg8 39. Qd4 Kh7
40. gxf5 Rg8 41. f6 Rb8 42. Qe4+ Kg8 43. Bc3 Rc8 44. Qd4 Rc4 45. Qd8+ Kh7 46.
Qd3+ Kg8 47. b5 g4 48. Be5 gxf3 49. Qxf3 Rc5 50. Qa8+ Kh7 51. Qe4+ Kg8 52. Qg4+
Kh8 53. Qf4 Kh7 54. Qe4+ Kg8 55. Qd4 Rc1+ 56. Kg2 Rc8 57. Qg4+ Kh7 58. Qf5+ 1-0

[Event "BL 9394 München 36-Dresden"]
[Site "?"]
[Date "1994.??.??"]
[Round "?.8"]
[White "Sandor, C."]
[Black "Meyer, P."]
[Result "1-0"]
[WhiteElo "2340"]
[BlackElo "2345"]
[PlyCount "71"]
[EventDate "1994.??.??"]

1. e4 e6 2. d4 d5 3. Nc3 Nf6 4. e5 Nfd7 5. f4 c5 6. Nf3 Nc6 7. Be3 cxd4 8. Nxd4
Bc5 9. Qd2 O-O 10. O-O-O Bxd4 11. Bxd4 a6 12. h4 b5 13. h5 b4 14. Ne2 a5 15. g4
a4 16. Qe3 Qe7 17. g5 Ba6 18. Kb1 b3 19. cxb3 axb3 20. a3 Na5 21. f5 exf5 22.
Nf4 Bxf1 23. Rhxf1 Nc4 24. Nxd5 Qe6 25. Qf3 Ndxe5 26. Qg2 Ra4 27. h6 Rd8 28.
Bxe5 Rc8 29. Bxg7 Ne3 30. Nxe3 Qxe3 31. Rfe1 Qb6 32. Qd2 f4 33. Qd6 Qa5 34. Bc3
Qf5+ 35. Ka1 Raa8 36. Qd4 1-0

[Event "BL 9394 Bayern-Erfurt"]
[Site "?"]
[Date "1994.??.??"]
[Round "?.2"]
[White "Ribli, Z."]
[Black "Casper, T."]
[Result "1/2-1/2"]
[WhiteElo "2600"]
[BlackElo "2440"]
[PlyCount "116"]
[EventDate "1994.??.??"]

1. c4 Nf6 2. Nc3 d6 3. g3 e5 4. Bg2 Be7 5. e4 h5 6. Nge2 h4 7. d4 Nbd7 8. f4 c6
9. Be3 Nb6 10. Qb3 hxg3 11. hxg3 Rxh1+ 12. Bxh1 exf4 13. Nxf4 Bg4 14. a4 Qc8
15. Rc1 Nh5 16. Kf2 Nxf4 17. Bxf4 Qe6 18. Ne2 g5 19. Be3 Qf6+ 20. Ke1 Qh6 21.
Bg2 Qh2 22. Bf1 Nd7 23. Rc2 O-O-O 24. Bg1 Qh1 25. Qe3 Nf6 26. Nc3 Qf3 27. Bg2
Qxe3+ 28. Bxe3 Nh5 29. Bf2 f5 30. exf5 Bxf5 31. Re2 Bf8 32. Ne4 g4 33. b3 Kd7
34. d5 c5 35. Ng5 Re8 36. Ne6 Bxe6 37. dxe6+ Rxe6 38. Bxb7 Rxe2+ 39. Kxe2 Bg7
40. Be4 Be5 41. Bf5+ Kc7 42. Bxg4 Nxg3+ 43. Kd3 Nh1 44. Be1 Ng3 45. b4 cxb4 46.
Bxb4 Bf4 47. Be1 a6 48. a5 Kb8 49. Bf2 Be5 50. Bb6 Kb7 51. Ke3 Bc3 52. Bh3 Nh5
53. Be6 Nf6 54. Kf4 Kc6 55. Kf5 d5 56. Bd8 dxc4 57. Bxc4 Nd5 58. Bxa6 Nc7
1/2-1/2

[Event "BL 9394 Bayern-Erfurt"]
[Site "?"]
[Date "1994.??.??"]
[Round "?.3"]
[White "Maiwald, JU."]
[Black "Hjartarson, J."]
[Result "0-1"]
[WhiteElo "2490"]
[BlackElo "2595"]
[PlyCount "86"]
[EventDate "1994.??.??"]

1. d4 Nf6 2. Nf3 e6 3. c4 b6 4. a3 Bb7 5. Nc3 d5 6. cxd5 Nxd5 7. Qa4+ c6 8.
Nxd5 exd5 9. Bf4 Be7 10. e3 O-O 11. Bd3 Nd7 12. Rc1 c5 13. Bf5 Nf6 14. O-O c4
15. Ne5 Qe8 16. Qc2 Bc8 17. Bg5 Bxf5 18. Qxf5 Qc8 19. Qb1 Qe6 20. f3 Rfd8 21.
Kh1 Rac8 22. Rfe1 b5 23. Rcd1 a5 24. Qc2 b4 25. Qa4 c3 26. bxc3 Rxc3 27. Qxa5
Rxa3 28. Qb5 Qa6 29. Qxa6 Rxa6 30. Rb1 Rc8 31. Nd3 Rc4 32. Bxf6 gxf6 33. Nf4
Ra5 34. e4 dxe4 35. fxe4 Rxd4 36. Nd5 Kf8 37. h3 Ra6 38. Rbc1 Ra8 39. Rc6 Rb8
40. Re2 b3 41. Nxe7 b2 42. Rxb2 Rxb2 43. Nf5 Rxe4 0-1

[Event "BL 9394 Bayern-Erfurt"]
[Site "?"]
[Date "1994.??.??"]
[Round "?.4"]
[White "Kindermann, S."]
[Black "Jasnikowski, Z."]
[Result "1-0"]
[WhiteElo "2535"]
[BlackElo "2475"]
[PlyCount "75"]
[EventDate "1994.??.??"]

1. e4 c5 2. Nf3 e6 3. d4 cxd4 4. Nxd4 Nf6 5. Nc3 d6 6. g4 h6 7. h4 Be7 8. Be3
Nc6 9. Rg1 h5 10. gxh5 Nxh5 11. Be2 g6 12. Qd2 Nxd4 13. Bxd4 e5 14. Be3 Be6 15.
Nd5 Bxd5 16. Qxd5 Qc7 17. O-O-O Nf6 18. Qb3 Kf8 19. f4 Rxh4 20. fxe5 dxe5 21.
Bc4 Ng4 22. Rdf1 Nxe3 23. Rxf7+ Kg8 24. Rxe7+ Qxc4 25. Qxe3 Qxa2 26. Rxe5 Qa1+
27. Kd2 Rh2+ 28. Kc3 Rc8+ 29. Kb3 Qa6 30. Qd4 Rhxc2 31. Qd5+ Kf8 32. Rf5+ gxf5
33. Rg8+ Ke7 34. Rg7+ Kf6 35. Rf7+ Kg5 36. Qxf5+ Kh4 37. Rh7+ Kg3 38. Rh3+ 1-0

[Event "BL 9394 Bayern-Erfurt"]
[Site "?"]
[Date "1994.??.??"]
[Round "?.5"]
[White "Mueller, Mat"]
[Black "Schlosser, P."]
[Result "1-0"]
[WhiteElo "2350"]
[BlackElo "2540"]
[PlyCount "83"]
[EventDate "1994.??.??"]

1. e4 c5 2. Nf3 e6 3. d4 cxd4 4. Nxd4 Nc6 5. Nb5 d6 6. c4 Nf6 7. N1c3 a6 8. Na3
Be7 9. Be2 b6 10. O-O Bb7 11. Be3 O-O 12. Qb3 Nd7 13. Rfd1 Nc5 14. Qc2 Qc7 15.
Rac1 Rac8 16. f3 Qb8 17. Bf1 Bd8 18. Qf2 Bc7 19. Qh4 Ne5 20. Nc2 Ncd7 21. Qh3
Rfe8 22. Rd2 Bd8 23. Na3 Nf6 24. Rcd1 Be7 25. Na4 Ned7 26. Nc3 d5 27. exd5 exd5
28. Nc2 Bd6 29. Bf2 Ne5 30. Nxd5 Bxd5 31. cxd5 b5 32. Ne3 Bc5 33. Nf5 Bxf2+ 34.
Rxf2 g6 35. Qh6 Nh5 36. d6 Rcd8 37. g4 gxf5 38. gxh5 Qb6 39. Qg5+ Kf8 40. Qh6+
Kg8 41. Qg5+ Kf8 42. Qf6 1-0

[Event "BL 9394 Bayern-Erfurt"]
[Site "?"]
[Date "1994.??.??"]
[Round "?.6"]
[White "Boensch, U."]
[Black "Troyke, C."]
[Result "1-0"]
[WhiteElo "2535"]
[BlackElo "2375"]
[PlyCount "71"]
[EventDate "1994.??.??"]

1. d4 Nf6 2. c4 g6 3. Nc3 Bg7 4. e4 d6 5. Be2 O-O 6. Bg5 c5 7. dxc5 Qa5 8. Bd2
Qxc5 9. Nf3 Bg4 10. Be3 Qa5 11. Nd2 Bxe2 12. Qxe2 Nc6 13. Nb3 Qh5 14. f3 e6 15.
O-O-O Na5 16. Rxd6 Rfc8 17. g4 Nxb3+ 18. axb3 Qa5 19. Kb1 Ne8 20. Rd3 Nc7 21.
Qd2 Na6 22. Na2 Qc7 23. Rd7 Qc6 24. b4 Qa4 25. Rc1 b6 26. Qd1 Qxd1 27. Rcxd1
Bf8 28. b5 Nc5 29. Bxc5 Bxc5 30. Kc2 a6 31. bxa6 Bf8 32. a7 Rxc4+ 33. Nc3 Rc5
34. Rb7 b5 35. Rdd7 Rcc8 36. Rxb5 1-0

[Event "BL 9394 Bayern-Erfurt"]
[Site "?"]
[Date "1994.??.??"]
[Round "?.7"]
[White "Brueggemann, Joa"]
[Black "Stangl, M."]
[Result "0-1"]
[WhiteElo "2340"]
[BlackElo "2540"]
[PlyCount "80"]
[EventDate "1994.??.??"]

1. e4 c5 2. Nf3 e6 3. d4 cxd4 4. Nxd4 a6 5. Bd3 Bc5 6. Nb3 Ba7 7. Qe2 Nc6 8.
Be3 d6 9. Bxa7 Rxa7 10. Qe3 Nf6 11. N1d2 O-O 12. O-O b6 13. Rad1 Rd7 14. Rfe1
Bb7 15. c3 Qc7 16. Nf1 Ne5 17. Bb1 d5 18. exd5 Nc4 19. Qe2 Rxd5 20. Rxd5 Nxd5
21. g3 Nf6 22. f3 Rd8 23. Nd4 b5 24. Ne3 Ne5 25. Nec2 Nc4 26. Ne3 e5 27. Nb3
Qb6 28. Kg2 e4 29. fxe4 Nd6 30. Nd5 Nxd5 31. exd5 Bxd5+ 32. Kf1 Bc4 33. Bd3 Qc6
34. Kg1 Re8 35. Bxc4 bxc4 36. Qf2 Rxe1+ 37. Qxe1 cxb3 38. axb3 Qb6+ 39. Qf2
Qxb3 40. Qd4 Qe6 0-1

[Event "BL 9394 Bayern-Erfurt"]
[Site "?"]
[Date "1994.??.??"]
[Round "?.8"]
[White "Gabriel, C."]
[Black "Voekler, B."]
[Result "1-0"]
[WhiteElo "2530"]
[BlackElo "2350"]
[PlyCount "83"]
[EventDate "1994.??.??"]

1. d4 Nf6 2. c4 g6 3. Nc3 Bg7 4. e4 d6 5. Nf3 O-O 6. Be2 e5 7. O-O Nc6 8. d5
Ne7 9. Ne1 Ne8 10. Nd3 f5 11. Bd2 Kh8 12. Rc1 Ng8 13. b4 Rf7 14. f4 Qe7 15.
fxe5 dxe5 16. exf5 Bxf5 17. c5 Nef6 18. Nf2 e4 19. Be3 Rd8 20. Bc4 Rff8 21. Qe2
h5 22. Bd4 Kh7 23. h3 Rde8 24. Be3 Nh6 25. Nb5 Nxd5 26. Bxd5 c6 27. Bxc6 bxc6
28. Nd6 Rd8 29. Rc4 Qe5 30. Nfxe4 Rd7 31. Bf4 Qb2 32. Qxb2 Bxb2 33. Bc1 Bg7 34.
a4 a6 35. Rf2 Kg8 36. Bb2 Be6 37. Rxf8+ Kxf8 38. Bxg7+ Kxg7 39. Rc3 Bd5 40.
Ne8+ Kf7 41. N4d6+ Kf8 42. Nf6 1-0

[Event "BL 9394 Koblenz-Castrop Rauxel"]
[Site "?"]
[Date "1994.??.??"]
[Round "?.2"]
[White "Rozentalis, E."]
[Black "Appel, R."]
[Result "1-0"]
[WhiteElo "2610"]
[BlackElo "2430"]
[PlyCount "85"]
[EventDate "1994.??.??"]

1. e4 Nf6 2. e5 Nd5 3. g3 d6 4. exd6 exd6 5. Bg2 Nf6 6. d4 d5 7. Nf3 Be7 8. O-O
O-O 9. Ne5 Nbd7 10. Nc3 c6 11. f4 Nxe5 12. fxe5 Ne8 13. Qh5 f5 14. Ne2 Nc7 15.
c3 Ne6 16. h4 Rf7 17. Nf4 Nxf4 18. Bxf4 Be6 19. Rf2 Qa5 20. a3 c5 21. Be3 c4
22. Raf1 Raf8 23. Bg5 Qd8 24. Bxe7 Qxe7 25. a4 Qd7 26. Qd1 Rc8 27. a5 Rcf8 28.
Qa1 Qe7 29. Qa3 Qxa3 30. bxa3 Rd8 31. Rb2 Rc7 32. Rb5 Rdd7 33. Kf2 g6 34. Ke3
Kg7 35. Rfb1 Kf7 36. Rc5 Ke7 37. Rbb5 Rxc5 38. dxc5 Kd8 39. a6 Kc8 40. Rb6 Bg8
41. Rf6 Rd8 42. Kd4 bxa6 43. Rd6 1-0